[Event "Reykjavik Open 2018"]
[Site "Reykjavik ISL"]
[Date "2018.03.06"]
[Round "1.50"]
[White "Larson, Gerald"]
[Black "Cummings, David H."]
[Result "0-1"]
[BlackTitle "IM"]
[WhiteElo "2065"]
[BlackElo "2322"]
[WhiteFideId "2018756"]
[BlackFideId "2603578"]
[EventDate "2018.03.06"]

1. c4 e6 2. g3 d5 3. Bg2 dxc4 4. Qa4+ c6 5. Qxc4 Nf6 6. Nf3 b5 7. Qb3 Bb7 8. O-O
Nbd7 9. d4 a6 10. a4 c5 11. axb5 Bd5 12. Qd1 axb5 13. Rxa8 Qxa8 14. Nc3 Bc6 15.
Nh4 b4 16. Nb1 Be7 17. Bxc6 Qxc6 18. dxc5 O-O 19. Ng2 Nxc5 20. f3 Rd8 21. Qc2
Qa4 22. Qc4 Nd5 23. e4 Nb6 24. Qe2 Qb3 25. Nd2 Qd3 26. Qe3 Bf6 27. e5 Qxe3+ 28.
Nxe3 Bxe5 29. Ndc4 Nxc4 30. Nxc4 Bd4+ 31. Kg2 Nb3 32. Be3 Bxe3 33. Nxe3 Kf8 34.
Nc2 Rb8 35. Re1 Nc5 36. Re3 b3 37. Nd4 Rb4 38. Nc6 Rc4 39. Na5 Rc2+ 40. Kh3 Rxb2
41. f4 Ra2 42. Nxb3 Ra3 43. Rc3 Nxb3 44. g4 Ra6 45. Rxb3 Ke7 46. Kg3 e5 47. g5
h5 48. gxh6 gxh6 49. Rb7+ Kf6 50. Kg4 Ke6 0-1

[Event "Reykjavik Open 2018"]
[Site "Reykjavik ISL"]
[Date "2018.03.06"]
[Round "1.51"]
[White "Sarkar, Justin"]
[Black "Thorhallsson, Simon"]
[Result "1/2-1/2"]
[WhiteTitle "IM"]
[WhiteElo "2322"]
[BlackElo "2060"]
[WhiteFideId "2010011"]
[BlackFideId "2310090"]
[EventDate "2018.03.06"]

1. e4 c5 2. Nf3 Nc6 3. Bb5 d6 4. O-O Bd7 5. Re1 Nf6 6. c3 a6 7. Bc4 Bg4 8. d4
cxd4 9. cxd4 Bxf3 10. gxf3 d5 11. Bxd5 Nxd5 12. exd5 Qxd5 13. Nc3 Qxd4 14. Qb3
Qb4 15. Nd5 Qxb3 16. axb3 O-O-O 17. Nb6+ Kc7 18. Nc4 e5 19. Be3 Rd3 20. Bb6+ Kc8
21. Nxe5 Nxe5 22. Rxe5 Bd6 23. Re3 Rxe3 24. fxe3 Kd7 25. Rd1 Rc8 26. Bd4 Ke6 27.
Bc3 f6 28. Rd4 Be5 29. Rd3 Rc6 30. Kf2 Rb6 31. Bxe5 fxe5 32. Ke2 Rb4 33. e4 Rb6
34. Ke1 Rc6 35. Kd2 Rc7 36. Rc3 Rf7 37. Ke3 Rd7 38. Rc5 g5 39. b4 Rd6 40. b5 Rb6
41. bxa6 bxa6 42. b4 Rxb4 43. Rc6+ Kf7 44. Rxa6 Rb2 45. Ra7+ Kg6 46. Ra6+ Kf7
47. Ra7+ Kg6 48. Ra6+ Kf7 1/2-1/2

[Event "Reykjavik Open 2018"]
[Site "Reykjavik ISL"]
[Date "2018.03.06"]
[Round "1.52"]
[White "Thorsteinsson, Erlingur"]
[Black "Midoux, Sebastien"]
[Result "0-1"]
[WhiteElo "2056"]
[BlackElo "2319"]
[WhiteFideId "2301091"]
[BlackFideId "611140"]
[EventDate "2018.03.06"]

1. d3 e5 2. Nf3 Nc6 3. e4 Nf6 4. Be2 d5 5. Nbd2 Bd6 6. O-O O-O 7. a3 a5 8. b3
Re8 9. Bb2 Bg4 10. h3 Bh5 11. Re1 Bg6 12. exd5 Nxd5 13. Nc4 Qf6 14. Nxd6 cxd6
15. Nd2 Nf4 16. Bf1 Bf5 17. Qf3 Be6 18. Ne4 Qd8 19. Kh2 f5 20. Nd2 Bd5 21. Qd1
Qb6 22. Kg1 Re6 23. g3 Rg6 24. Re3 Nxh3+ 25. Bxh3 f4 26. Rf3 Bxf3 27. Qxf3 Rxg3+
28. Qxg3 fxg3 29. Ne4 gxf2+ 30. Nxf2 Nd4 31. Bxd4 Qxd4 32. Be6+ Kf8 33. Rf1 Ke7
34. Bf5 Rf8 35. Bxh7 g6 0-1

[Event "Reykjavik Open 2018"]
[Site "Reykjavik ISL"]
[Date "2018.03.06"]
[Round "1.53"]
[White "Thorsteinsson, Thorsteinn"]
[Black "Yu, Henry"]
[Result "1/2-1/2"]
[WhiteTitle "FM"]
[WhiteElo "2317"]
[BlackElo "2051"]
[WhiteFideId "2300281"]
[BlackFideId "30942683"]
[EventDate "2018.03.06"]

1. c4 Nf6 2. g3 e6 3. Bg2 d5 4. Nf3 Be7 5. b3 O-O 6. Bb2 c5 7. cxd5 exd5 8. d4
Nc6 9. O-O Bg4 10. dxc5 Ne4 11. Nc3 Nxc3 12. Bxc3 Bxc5 13. Rc1 Qd6 14. Rc2 d4
15. Rd2 Rad8 16. Qa1 Qh6 17. Rxd4 Nxd4 18. Nxd4 Rd7 19. e3 Rfd8 20. Be4 Bf8 21.
h4 Qh5 22. Kg2 Be2 23. Re1 Bb5 24. a4 Bc6 25. Nxc6 bxc6 26. Bxc6 Rc7 27. Bb5
Rdc8 28. Bc4 Rxc4 29. bxc4 Rxc4 30. Rb1 Qc5 31. Bd4 Qc6+ 1/2-1/2

[Event "Reykjavik Open 2018"]
[Site "Reykjavik ISL"]
[Date "2018.03.06"]
[Round "1.54"]
[White "Diaz, Franck"]
[Black "Kantorik, Marian"]
[Result "0-1"]
[BlackTitle "IM"]
[WhiteElo "2050"]
[BlackElo "2313"]
[WhiteFideId "639125"]
[BlackFideId "14900513"]
[EventDate "2018.03.06"]

1. e4 c6 2. d4 g6 3. Nc3 Bg7 4. Nf3 d5 5. exd5 cxd5 6. Bf4 a6 7. Ne5 f6 8. Nf3
Nc6 9. Qd2 e6 10. O-O-O Nge7 11. h4 b5 12. h5 Bd7 13. h6 Bf8 14. Bxb5 axb5 15.
Nxb5 Nf5 16. Nc7+ Kf7 17. Nxa8 Qxa8 18. Kb1 Bd6 19. Bxd6 Nxd6 20. Ne1 Rb8 21. b3
Qa3 22. Qc1 Qa7 23. c3 Na5 24. Kc2 Nac4 25. Qa1 Na3+ 26. Kd2 Rc8 27. Nd3 Bb5 28.
Qb2 Bxd3 29. Kxd3 0-1

[Event "Reykjavik Open 2018"]
[Site "Reykjavik ISL"]
[Date "2018.03.06"]
[Round "1.55"]
[White "Bewersdorff, Oliver"]
[Black "Kumar, Naman"]
[Result "1-0"]
[WhiteTitle "FM"]
[WhiteElo "2312"]
[BlackElo "2045"]
[WhiteFideId "4602897"]
[BlackFideId "30908922"]
[EventDate "2018.03.06"]

1. c4 Nf6 2. g3 g6 3. Bg2 Bg7 4. Nc3 O-O 5. d4 d6 6. Nf3 Nbd7 7. O-O e5 8. e4 c6
9. b3 a6 10. Ba3 Qa5 11. Qc1 exd4 12. Nxd4 Nxe4 13. Nxe4 Bxd4 14. Bxd6 Bxa1 15.
Qxa1 Re8 16. Bf4 Re6 17. Rd1 Qf5 18. c5 a5 19. a4 h5 20. Qd4 Nf6 21. Nxf6+ Rxf6
22. Be5 Kg7 23. Be4 Qe6 24. Rd3 g5 25. Rf3 1-0

[Event "Reykjavik Open 2018"]
[Site "Reykjavik ISL"]
[Date "2018.03.06"]
[Round "1.56"]
[White "Thorsteinsdottir, Hallgerdur"]
[Black "L'Ami, Alina"]
[Result "0-1"]
[WhiteTitle "WFM"]
[BlackTitle "IM"]
[WhiteElo "2041"]
[BlackElo "2306"]
[WhiteFideId "2302454"]
[BlackFideId "1210246"]
[EventDate "2018.03.06"]

1. e4 c5 2. Nf3 d6 3. Bb5+ Bd7 4. Bxd7+ Nxd7 5. O-O Ngf6 6. Qe2 e6 7. b3 Be7 8.
Bb2 O-O 9. d4 d5 10. exd5 Nxd5 11. c4 Nf4 12. Qe4 Qc7 13. Ne5 Ng6 14. Nxd7 Qxd7
15. dxc5 Bxc5 16. Ba3 Bd4 17. Bxf8 Rxf8 18. Na3 Bxa1 19. Rxa1 Rd8 20. h3 Qd2 21.
Qe1 Nf4 22. Nb5 a6 23. Qxd2 Rxd2 24. Nc3 Kf8 25. Ne4 Rd7 26. Re1 Ke7 27. g3 Nd3
28. Rd1 Nb4 29. Rxd7+ Kxd7 30. Nc3 Kd6 31. Kf1 f5 32. Ke2 e5 33. Kd2 e4 34. a3
Nc6 35. b4 Ke5 36. Ne2 Nd4 37. Nf4 g5 38. Nd5 f4 39. gxf4+ gxf4 40. a4 Nf3+ 41.
Kd1 h5 42. a5 h4 43. Ne7 e3 44. b5 Ke4 45. fxe3 fxe3 46. Nd5 Nd4 47. bxa6 bxa6
48. Nb4 Nb3 49. Nxa6 Nxa5 50. c5 Nc6 51. Nc7 Nd4 52. Ke1 Kd3 53. Nd5 Nc2+ 0-1

[Event "Reykjavik Open 2018"]
[Site "Reykjavik ISL"]
[Date "2018.03.06"]
[Round "1.57"]
[White "Risting, Eivind Olav"]
[Black "Carlsen, Henrik"]
[Result "1-0"]
[WhiteTitle "FM"]
[WhiteElo "2304"]
[BlackElo "2031"]
[WhiteFideId "1517333"]
[BlackFideId "1502832"]
[EventDate "2018.03.06"]

1. d4 d5 2. c4 e6 3. Nc3 Nf6 4. cxd5 exd5 5. Bg5 Be7 6. Qc2 h6 7. Bh4 O-O 8. e3
Be6 9. Bd3 Nbd7 10. Nge2 c5 11. dxc5 Nxc5 12. O-O Rc8 13. Rfd1 Ng4 14. Bxe7 Qxe7
15. h3 Nf6 16. Rac1 Rfd8 17. Qb1 Nxd3 18. Qxd3 Qb4 19. Qb5 Qh4 20. Nf4 Qg5 21.
Qxb7 Rb8 22. Qe7 d4 23. Nxe6 fxe6 24. exd4 Rxd4 25. Qxe6+ Kh7 26. Qe2 Rbd8 27.
Qc2+ Kh8 28. Rxd4 Rxd4 29. Rd1 Rxd1+ 30. Qxd1 1-0

[Event "Reykjavik Open 2018"]
[Site "Reykjavik ISL"]
[Date "2018.03.06"]
[Round "1.58"]
[White "Arnarsson, Hrannar"]
[Black "Stefansson, Vignir Vatnar"]
[Result "0-1"]
[BlackTitle "FM"]
[WhiteElo "2029"]
[BlackElo "2300"]
[WhiteFideId "2301121"]
[BlackFideId "2308649"]
[EventDate "2018.03.06"]

1. e4 Nc6 2. Nf3 d6 3. d4 Nf6 4. Nc3 Bg4 5. Be2 e5 6. d5 Bxf3 7. Bxf3 Nd4 8. Be3
Nxf3+ 9. Qxf3 Be7 10. O-O Qd7 11. h3 O-O 12. Ne2 c6 13. c4 cxd5 14. cxd5 Qb5 15.
Ng3 g6 16. Bh6 Rfc8 17. Nf5 Qd7 18. Nxe7+ Qxe7 19. Bg5 Kg7 20. Rfc1 h6 21. Be3
Nd7 22. Rxc8 Rxc8 23. Rc1 Qd8 24. b4 Rxc1+ 25. Bxc1 Qc7 26. Qa3 a6 27. Be3 f5
28. f3 fxe4 29. fxe4 Nf6 30. Qd3 b5 31. Kf2 g5 32. Kf3 Qf7 33. Ke2 Qh5+ 34. Kf2
Qh4+ 35. Kf3 g4+ 36. Ke2 gxh3 37. Bf2 Qg4+ 38. Ke3 Qf4+ 39. Ke2 Qxe4+ 0-1

[Event "Reykjavik Open 2018"]
[Site "Reykjavik ISL"]
[Date "2018.03.06"]
[Round "1.59"]
[White "Thorgeirsson, Jon Kristinn"]
[Black "Marentini, Marcel"]
[Result "1-0"]
[WhiteTitle "FM"]
[WhiteElo "2298"]
[BlackElo "2024"]
[WhiteFideId "2307731"]
[BlackFideId "1318730"]
[EventDate "2018.03.06"]

1. e4 d6 2. d4 Nf6 3. Nc3 e5 4. f4 exd4 5. Qxd4 Be7 6. Nf3 O-O 7. Be3 c5 8. Qd2
a6 9. Bd3 b5 10. e5 b4 11. Ne4 dxe5 12. Nxf6+ Bxf6 13. fxe5 Be7 14. Rd1 Bb7 15.
Qe2 Qc7 16. O-O Nc6 17. Bg5 Na5 18. Be4 Rae8 19. Bxe7 Rxe7 20. Bxh7+ Kh8 21. Be4
Re6 22. Ng5 Rh6 23. Rxf7 1-0

[Event "Reykjavik Open 2018"]
[Site "Reykjavik ISL"]
[Date "2018.03.06"]
[Round "1.60"]
[White "Magnusson, Magnus"]
[Black "Povah, Nigel E"]
[Result "0-1"]
[BlackTitle "IM"]
[WhiteElo "2023"]
[BlackElo "2284"]
[WhiteFideId "2302128"]
[BlackFideId "400467"]
[EventDate "2018.03.06"]

1. e4 c5 2. Nc3 Nc6 3. g3 g6 4. Bg2 Bg7 5. d3 d6 6. Be3 Rb8 7. Qd2 b5 8. Nf3 Nd4
9. Nh4 b4 10. Nd1 Qa5 11. O-O e6 12. f4 Ne7 13. g4 f5 14. gxf5 exf5 15. a3 Qa4
16. b3 Qa6 17. Ra2 bxa3 18. Bxd4 Bxd4+ 19. Ne3 Qb6 20. Kh1 Bf6 21. Nc4 Qc7 22.
Nf3 O-O 23. e5 dxe5 24. fxe5 Bg7 25. Rxa3 h6 26. Rfa1 a6 27. Nd6 Rb6 28. Nxc8
Qxc8 29. Ra5 g5 30. Qc3 Rc6 31. Nd2 Ng6 32. d4 Rd8 33. Qc4+ Kh7 34. Rxa6 Rxa6
35. Qxa6 Qxa6 36. Rxa6 Rxd4 37. Rd6 Bxe5 38. Rxd4 Bxd4 39. Nf3 Bc3 40. Bf1 Kg7
41. Kg2 g4 42. Ng1 Nf4+ 43. Kg3 Be5 44. Bc4 Nd5+ 45. Kg2 Ne3+ 0-1

[Event "Reykjavik Open 2018"]
[Site "Reykjavik ISL"]
[Date "2018.03.06"]
[Round "1.61"]
[White "Valette, Christian"]
[Black "Fjallheim, Leif Reinert"]
[Result "0-1"]
[WhiteElo "2022"]
[BlackElo "1737"]
[WhiteFideId "613940"]
[BlackFideId "7201788"]
[EventDate "2018.03.06"]

1. d4 Nf6 2. Nf3 g6 3. Bf4 Bg7 4. e3 d6 5. h3 O-O 6. Be2 Nbd7 7. O-O c5 8. c3 a6
9. a4 b6 10. Nbd2 Bb7 11. Bh2 Re8 12. Re1 Rc8 13. Bf1 Ne4 14. Nxe4 Bxe4 15. Bxa6
Rc7 16. Bb5 Qa8 17. Ra3 Rd8 18. Bg3 h6 19. Bf1 e5 0-1

[Event "Reykjavik Open 2018"]
[Site "Reykjavik ISL"]
[Date "2018.03.06"]
[Round "1.62"]
[White "Ontiveros, John"]
[Black "Birkisson, Bjorn Holm"]
[Result "0-1"]
[WhiteElo "1736"]
[BlackElo "2022"]
[WhiteFideId "2303981"]
[BlackFideId "2310600"]
[EventDate "2018.03.06"]

1. d4 g6 2. c4 Bg7 3. Nf3 c5 4. d5 b5 5. e4 d6 6. cxb5 Nf6 7. Nc3 a6 8. e5 dxe5
9. Nxe5 O-O 10. Be3 Qc7 11. Nc6 Nxc6 12. bxc6 Rd8 13. Qb3 Rb8 14. Qc4 Rxb2 15.
Qxc5 Ng4 16. Na4 Rxf2 17. Bxf2 Qe5+ 18. Be2 Qxa1+ 19. Bd1 Qe5+ 0-1

[Event "Reykjavik Open 2018"]
[Site "Reykjavik ISL"]
[Date "2018.03.06"]
[Round "1.63"]
[White "Mortensen, Rogvi"]
[Black "Magnusdottir, Veronika Steinunn"]
[Result "1-0"]
[WhiteElo "2018"]
[BlackElo "1735"]
[WhiteFideId "7202369"]
[BlackFideId "2309114"]
[EventDate "2018.03.06"]

1. d4 d5 2. c4 c6 3. Nf3 Nf6 4. Nc3 e6 5. e3 Nbd7 6. Qc2 Bd6 7. Bd3 O-O 8. O-O
dxc4 9. Bxc4 a6 10. e4 e5 11. h3 b5 12. Be2 exd4 13. Nxd4 Bb7 14. Nf5 Bb4 15.
Bg5 Qb6 16. a3 Bxc3 17. bxc3 c5 18. f3 Rfd8 19. Rfd1 Rac8 20. Rd6 Rc6 21. Ne7+
Kh8 22. Nxc6 Bxc6 23. Rad1 c4+ 24. Kh1 Re8 25. Qd2 Qc5 26. Be3 1-0

[Event "Reykjavik Open 2018"]
[Site "Reykjavik ISL"]
[Date "2018.03.06"]
[Round "1.64"]
[White "Carroll, Peter"]
[Black "Thurlow, Kevin J"]
[Result "0-1"]
[BlackTitle "CM"]
[WhiteElo "1733"]
[BlackElo "1999"]
[WhiteFideId "2510243"]
[BlackFideId "406104"]
[EventDate "2018.03.06"]

1. e4 c5 2. Nc3 e6 3. f4 a6 4. Nf3 Nc6 5. d3 d5 6. g3 Nge7 7. Bg2 g6 8. O-O Bg7
9. e5 O-O 10. h3 b5 11. Ne2 Bb7 12. d4 cxd4 13. Nexd4 Rc8 14. g4 Nxd4 15. Nxd4
Nc6 16. c3 b4 17. Bd2 a5 18. Qe1 Nxd4 19. cxd4 Qb6 20. Be3 Rc2 21. Rf2 Rfc8 22.
Rxc2 Rxc2 23. Qd1 b3 24. Rb1 Ba6 25. a3 Be2 26. Qe1 Qb5 27. Bf1 Qd3 28. Bf2 Bxf1
29. Qxf1 Qf3 30. Be1 Qe3+ 31. Kh1 Qe4+ 32. Kg1 Qxd4+ 33. Kh1 Qe4+ 34. Kg1 Bf8 0-1

[Event "Reykjavik Open 2018"]
[Site "Reykjavik ISL"]
[Date "2018.03.06"]
[Round "1.65"]
[White "Arnalds, Stefan"]
[Black "Einarsson, Oskar Long"]
[Result "1-0"]
[WhiteElo "1999"]
[BlackElo "1729"]
[WhiteFideId "2304821"]
[BlackFideId "2309220"]
[EventDate "2018.03.06"]

1. d4 Nf6 2. c4 d5 3. cxd5 Nxd5 4. Nc3 g6 5. e4 Nxc3 6. bxc3 Bg7 7. Bc4 c5 8.
Be3 O-O 9. Ne2 cxd4 10. cxd4 Nc6 11. O-O Na5 12. Bd3 b6 13. Qd2 Bb7 14. Rab1 Rc8
15. Qb4 Nc6 16. Qa4 Qd6 17. Rfd1 Na5 18. d5 Rfd8 19. Bd2 Bc6 20. dxc6 Qxd3 21.
Bxa5 Qxe2 22. Rxd8+ Rxd8 23. c7 Rc8 24. Qd7 Qa6 25. Qd8+ Bf8 26. Bd2 Qb7 27. Rc1
Qa8 28. Qd7 e6 29. Bg5 Qb7 30. h4 Bc5 31. Bd8 h5 32. Rd1 b5 33. Qe8+ Kg7 34. Rd7 1-0

[Event "Reykjavik Open 2018"]
[Site "Reykjavik ISL"]
[Date "2018.03.06"]
[Round "1.66"]
[White "Miranda Herrera, Miguel"]
[Black "Reynolds, D Ian W"]
[Result "0-1"]
[WhiteElo "1722"]
[BlackElo "1999"]
[WhiteFideId "24507067"]
[BlackFideId "410705"]
[EventDate "2018.03.06"]

1. e4 e5 2. d4 exd4 3. c3 Qe7 4. Qxd4 Nc6 5. Qa4 Nf6 6. Bd3 d5 7. Bg5 dxe4 8.
Bxf6 Qxf6 9. Bxe4 Bd7 10. Ne2 Bc5 11. O-O O-O-O 12. b4 Nxb4 13. Bxb7+ Kxb7 14.
Qb3 Be6 15. Qb2 Qxf2+ 0-1

[Event "Reykjavik Open 2018"]
[Site "Reykjavik ISL"]
[Date "2018.03.06"]
[Round "1.67"]
[White "Mai, Alexander Oliver"]
[Black "Flynn, Jacob"]
[Result "1-0"]
[WhiteElo "1995"]
[BlackElo "1710"]
[WhiteFideId "2313391"]
[BlackFideId "2509393"]
[EventDate "2018.03.06"]

1. e4 d5 2. exd5 Qxd5 3. Nc3 Qd8 4. d4 Nf6 5. Nf3 Bg4 6. h3 Bxf3 7. Qxf3 c6 8.
Be3 e6 9. Bd3 Nbd7 10. O-O Be7 11. Ne2 O-O 12. Ng3 Qc7 13. Rfe1 c5 14. c3 b6 15.
Rad1 Bd6 16. Ne4 Nxe4 17. Qxe4 g6 18. Bh6 Rfe8 19. Bb5 Rad8 20. Qf3 Bf8 21. Bg5
Be7 22. Bf4 Qc8 23. Bc6 cxd4 24. cxd4 Kg7 25. Rc1 Qa6 26. Bc7 Qxa2 27. Bxd8 Rxd8
28. Qc3 Qa5 29. Qxa5 bxa5 30. d5 Bb4 31. dxe6 Bxe1 32. e7 Bxf2+ 33. Kxf2 Re8 34.
Re1 Kf6 35. Bxd7 Rxe7 36. Rxe7 Kxe7 37. Bb5 f5 38. Ke3 h6 39. Kd4 Kd6 40. Bd3 a4
41. Bc2 a3 42. bxa3 a5 43. Bd3 h5 44. h4 1-0

[Event "Reykjavik Open 2018"]
[Site "Reykjavik ISL"]
[Date "2018.03.06"]
[Round "1.68"]
[White "Grymer-Hansen, Soren"]
[Black "Runarsson, Gunnar"]
[Result "0-1"]
[WhiteElo "1706"]
[BlackElo "1993"]
[WhiteFideId "1428543"]
[BlackFideId "2301768"]
[EventDate "2018.03.06"]

1. e4 c6 2. d4 d5 3. e5 Bf5 4. Nf3 e6 5. Be2 c5 6. O-O Nc6 7. Be3 Qb6 8. b3 cxd4
9. Nxd4 Nxd4 10. Bxd4 Bc5 11. Bb2 Ne7 12. Nd2 O-O 13. Nf3 Rac8 14. Rc1 Rfd8 15.
a3 a5 16. h3 d4 17. Bd3 Bg6 18. Kh2 Nc6 19. Re1 Qc7 20. Kh1 Qe7 21. Ra1 Qc7 22.
Rc1 Bh5 23. g4 Bg6 24. Qd2 Ne7 25. Ng5 h6 26. Nf3 Qc6 27. Kg2 Nd5 28. Kg3 Ne7
29. Nh4 Qc7 30. f4 Bxd3 31. cxd3 Qb6 32. Rc4 Qxb3 33. Rec1 Bxa3 34. Bxa3 Qxa3
35. Nf3 Rxc4 36. Rxc4 Nc6 37. f5 Nb4 38. Ne1 b5 39. Rc7 Qa2 40. Qf4 Qe2 41. Ng2
Nxd3 0-1

[Event "Reykjavik Open 2018"]
[Site "Reykjavik ISL"]
[Date "2018.03.06"]
[Round "1.69"]
[White "Swati, Mohota"]
[Black "Johannesson, Haki"]
[Result "1-0"]
[WhiteTitle "WFM"]
[WhiteElo "1991"]
[BlackElo "1696"]
[WhiteFideId "5006511"]
[BlackFideId "2304694"]
[EventDate "2018.03.06"]

1. d4 d5 2. c4 e6 3. Nc3 Nf6 4. cxd5 exd5 5. Bg5 Be7 6. Qc2 c6 7. e3 Ng4 8. Bxe7
Qxe7 9. Nxd5 Qd6 10. Nc3 Nxh2 11. Be2 Ng4 12. Rxh7 Rxh7 13. Qxh7 g6 14. Qh8+ Qf8
15. Qxf8+ Kxf8 16. Nh3 Nf6 17. Nf4 Bf5 18. f3 g5 19. Nd3 Nbd7 20. Kf2 Kg7 21.
Rd1 Rc8 22. Nc5 Rc7 23. g4 Be6 24. Nxe6+ fxe6 25. Bc4 Nd5 26. Ne4 Kg6 27. Bd3
N7f6 28. Rh1 Nxe4+ 29. fxe4 Nb4 30. Bb1 Rg7 31. a3 Na6 32. e5+ Kf7 33. Rh6 Ke7
34. Ba2 Nc7 35. Ke2 Nd5 36. Rh8 Kd7 37. Ra8 a6 38. Rh8 Kc7 39. Rh6 Kd7 40. Bxd5
cxd5 41. Kd3 Ke7 42. Kc3 Kd7 43. Kb4 b6 44. a4 Rf7 45. Rf6 Rh7 46. Rf3 Rh2 47.
b3 Rg2 48. Rf7+ Kc6 49. Re7 Rxg4 50. Rxe6+ Kc7 51. Kc3 Rg1 52. Rg6 g4 53. Kd3 g3
54. Ke2 g2 55. Kf2 Rb1 56. Rxg2 Rxb3 57. Rg7+ Kc6 58. Ra7 a5 59. e6 Rb2+ 60. Kf3
Rh2 61. e7 Rh8 62. Kf4 Kd6 63. Kf5 b5 64. axb5 a4 65. Kf6 a3 66. Rxa3 Rh6+ 67.
Kf7 Rh7+ 68. Kf8 Rh8+ 69. Kg7 1-0

[Event "Reykjavik Open 2018"]
[Site "Reykjavik ISL"]
[Date "2018.03.06"]
[Round "1.70"]
[White "Thorsson, Pall"]
[Black "Ragnarsson, Johann"]
[Result "0-1"]
[WhiteElo "1693"]
[BlackElo "1985"]
[WhiteFideId "2304406"]
[BlackFideId "2301040"]
[EventDate "2018.03.06"]

1. g3 d5 2. Bg2 Nf6 3. d3 Bf5 4. Nf3 c5 5. O-O Nc6 6. Nh4 Bg6 7. c4 e6 8. Nc3 d4
9. Nxg6 hxg6 10. Ne4 Qd7 11. Bd2 e5 12. a3 Nxe4 13. dxe4 Be7 14. f4 g5 15. f5 g4
16. b4 cxb4 17. axb4 Nxb4 18. Ra5 f6 19. Qb3 b6 20. Rb5 Nc6 21. Ra1 Bc5 22. Ra4
a6 23. Qb1 Kf7 24. Rb3 d3+ 25. e3 Nd4 26. Raa3 Nxb3 27. Rxb3 Rhd8 28. Bf1 Qc6
29. Bxd3 a5 30. Qc2 a4 31. Rb2 Qd6 32. Be2 Qxd2 0-1

[Event "Reykjavik Open 2018"]
[Site "Reykjavik ISL"]
[Date "2018.03.06"]
[Round "1.71"]
[White "Velez Romero, Juan Luis"]
[Black "Stuart, Brian"]
[Result "1-0"]
[WhiteElo "1981"]
[BlackElo "1688"]
[WhiteFideId "2273187"]
[BlackFideId "445053"]
[EventDate "2018.03.06"]

1. d4 Nf6 2. Nf3 g6 3. Nc3 d5 4. Bf4 Bg7 5. Qd2 O-O 6. Bh6 Nc6 7. Bxg7 Kxg7 8.
Ne5 Bf5 9. f3 a6 10. g4 Be6 11. h4 Qd6 12. Qe3 Nd7 13. Nxc6 bxc6 14. h5 Rh8 15.
h6+ Kg8 16. O-O-O Rb8 17. Nb1 f6 18. Qd2 Kf7 19. e3 Rb6 20. Qa5 Rhb8 21. b3 c5
22. Be2 c4 23. Nc3 cxb3 24. axb3 Qc6 25. Rd3 Qb7 26. f4 c6 27. Rf1 f5 28. Bd1
Nf6 29. gxf5 Bxf5 30. Rd2 Ng4 31. Bxg4 Bxg4 32. e4 Rd8 33. Na4 Rb8 34. Nxb6 Qxb6
35. Qxb6 Rxb6 36. exd5 cxd5 37. Re1 Bf5 38. Rde2 Be4 39. Kd2 Kf6 40. Rg1 Rc6 41.
c4 1-0

[Event "Reykjavik Open 2018"]
[Site "Reykjavik ISL"]
[Date "2018.03.06"]
[Round "1.72"]
[White "Hallsson, Jon Eggert"]
[Black "Baldvinsson, Loftur"]
[Result "0-1"]
[WhiteElo "1684"]
[BlackElo "1977"]
[WhiteFideId "2311569"]
[BlackFideId "2301261"]
[EventDate "2018.03.06"]

1. e4 e6 2. d4 d5 3. Nd2 Nc6 4. Ngf3 Nf6 5. e5 Nd7 6. Nb3 f6 7. Bb5 a6 8. Bxc6
bxc6 9. O-O c5 10. Bd2 cxd4 11. Nbxd4 Nb6 12. exf6 Qxf6 13. Bg5 Qg6 14. h4 Bd6
15. Nc6 Nd7 16. Re1 O-O 17. Nfe5 Nxe5 18. Rxe5 Qf7 19. Re2 Bd7 20. Nd4 e5 21.
Nf3 Bg4 22. Rd2 h5 23. Qe1 Bxf3 24. gxf3 Qxf3 25. Qe3 Qg4+ 26. Kh1 Rf3 0-1

[Event "Reykjavik Open 2018"]
[Site "Reykjavik ISL"]
[Date "2018.03.06"]
[Round "1.73"]
[White "Zhou, Aiden"]
[Black "Jonsson, Sveinbjorn"]
[Result "1-0"]
[WhiteElo "1977"]
[BlackElo "1682"]
[WhiteFideId "2618826"]
[BlackFideId "2303248"]
[EventDate "2018.03.06"]

1. d4 d5 2. Bf4 c6 3. e3 Nf6 4. Bd3 g6 5. Nf3 Nbd7 6. c4 Bg7 7. Nc3 O-O 8. cxd5
Nxd5 9. Nxd5 cxd5 10. O-O Nf6 11. Qb3 Nh5 12. Bg5 Qd6 13. Rac1 b6 14. e4 dxe4
15. Bxe4 Be6 16. Qa4 Bd7 17. Qa3 Qxa3 18. bxa3 Rac8 19. Bb7 Rxc1 20. Rxc1 f6 21.
Bd2 Rd8 22. Rc7 Bf8 23. Bd5+ Kh8 24. Rxa7 e6 25. Bb3 Bc6 26. Bxe6 Bxf3 27. gxf3
Rxd4 28. Be3 Rd1+ 29. Kg2 g5 30. Rb7 Bc5 31. Bf5 Nf4+ 32. Bxf4 gxf4 33. Rxh7+
Kg8 34. Rd7 Rxd7 35. Bxd7 Kg7 36. a4 Kh6 37. Kh3 Kg5 38. Kg2 Kh4 39. Kf1 Kg5 40.
Ke2 Bd4 41. Ke1 Kh4 42. Kd2 Bxf2 43. Ke2 Bg1 44. Kd3 Bxh2 45. Kc4 Bg1 46. Kb5
Kg5 47. a5 bxa5 48. Kxa5 f5 49. Kb5 Kf6 50. a4 Ke7 51. Kc6 Be3 52. a5 Ba7 53. a6
Kf6 54. Kb7 Be3 55. a7 Bxa7 56. Kxa7 1-0

[Event "Reykjavik Open 2018"]
[Site "Reykjavik ISL"]
[Date "2018.03.06"]
[Round "1.74"]
[White "Kurt, Herbert"]
[Black "Davidsdottir, Nansy"]
[Result "1/2-1/2"]
[WhiteElo "1682"]
[BlackElo "1975"]
[WhiteFideId "16232526"]
[BlackFideId "2309491"]
[EventDate "2018.03.06"]

1. Nf3 c5 2. g3 e6 3. Bg2 Nf6 4. d3 d5 5. O-O Be7 6. Nbd2 Nc6 7. e4 O-O 8. Re1
Qc7 9. Nf1 dxe4 10. dxe4 Rd8 11. Qe2 e5 12. c3 a6 13. Nh4 b5 14. Ne3 Be6 15.
Nhf5 Bf8 16. h3 g6 17. Nh4 Bg7 18. Ng4 Nxg4 19. hxg4 Bc4 20. Qf3 Qe7 21. Bf1 Be6
22. Be3 Na5 23. b4 Nb7 24. a3 Rac8 25. Rac1 c4 26. Rcd1 Rxd1 27. Rxd1 Rd8 28.
Qe2 Rxd1 29. Qxd1 Qd6 30. Qxd6 Nxd6 31. f3 f6 32. Bd2 Kf7 33. Ng2 f5 34. gxf5
gxf5 35. exf5 Bxf5 36. Kf2 e4 37. Ne3 exf3 38. Nxf5 Nxf5 39. Bh3 Ne7 40. Kxf3
Nd5 41. Bc8 Bxc3 42. Bxc3 Nxc3 43. Bxa6 Kf6 44. Ke3 Ke5 45. g4 h6 1/2-1/2